| 000 | 00490nam a2200205Ia 4500 | ||
|---|---|---|---|
| 008 | 170918s9999 xx 000 0 und d | ||
| 020 | _a9780439696531 | ||
| 050 | _bD554 2004 | ||
| 100 | _aDiConsiglio, John | ||
| 245 | _aIce breaker : | ||
| 245 | _bthe freezing story of Lynne Cox / | ||
| 260 | _aNew York : | ||
| 260 | _bScholastic, | ||
| 260 | _c2004 | ||
| 300 | _a28 pages : | ||
| 300 | _bcolored illustration ; | ||
| 300 | _c19cm. | ||
| 440 | _aRead 180. | ||
| 500 | _a360 | ||
| 999 |
_c341261 _d341261 |
||